000 00273nam a2200109Ia 4500
008 201217s9999 xx 000 0 und d
100 _aFaltinsen, O. M.
245 0 _aSea Loads on Ships and Offshore Structures
260 _aNew York
_bCambridge
300 _a328
942 _cBK
999 _c8063
_d8063